Interplanetary spacecraft

Bibliographic Details
Other Authors: Yenne, Bill
Format: Book
Published: London : Brompton Books , 1988
Subjects:

MARC

LEADER 00000cam a2200000 7i4500
001 0000002878
002 000003114
005 20000330.0
020 |a 0861244397 
090 0 0 |a 629.47   |b INT 
245 0 0 |a Interplanetary spacecraft   |c edi.by Bill Yenne 
260 |a London :   |b Brompton Books ,   |c 1988 
300 |a 126p. :   |b ill. ;   |c 34cm. 
650 0 0 |a Navigation (Aeronautics) 
650 0 0 |a Space vehicles 
700 1 |a Yenne, Bill 
999 |a 015576   |b BUKU   |c RUJUKAN   |e PERPUSTAKAAN KOMUNITI PETALING JAYA 
999 |a 035231   |b BUKU   |c RUJUKAN   |e PERPUSTAKAAN KOMUNITI PETALING JAYA 
999 |a 035232   |b BUKU   |c RUJUKAN   |e PERPUSTAKAAN KOMUNITI PETALING JAYA